[Event "Mogliano Veneto op-B 43th"]
[Site "Mogliano Veneto"]
[Date "2023.04.25"]
[Round "5"]
[White "Cedriano, Mattia"]
[Black "Pompili, Alberto"]
[Result "1-0"]
[WhiteElo "1318"]
[BlackElo "1719"]
[PlyCount "46"]
[EventDate "2023.04.23"]
[EventType "swiss"]
[EventRounds "5"]
[EventCountry "ITA"]
[SourceTitle "EXT 2024"]
[Source "ChessBase"]
[SourceDate "2023.10.10"]
[SourceVersion "1"]
[SourceVersionDate "2023.10.10"]
[SourceQuality "1"]

1. e4 e6 2. d4 d5 3. Nd2 dxe4 4. Nxe4 Nd7 5. Bd3 Ngf6 6. Nf3 c5 7. c3 Be7 8. Bf4 cxd4 9. cxd4 0-0 10. 0-0 Nxe4 11. Bxe4 Nf6 12. Re1 Nxe4 13. Rxe4 Bd6 14. Ne5 f6 15. Nd3 Kh8 16. Qd2 Re8 17. Rae1 Qe7 18. Qe3 Bd7 19. Bxd6 Qxd6 20. Nc5 Bc6 21. Rxe6 Rxe6 22. Qxe6 Qxd4 23. Nxb7 h6 1-0

[Event "Villorba op 1st"]
[Site "Villorba"]
[Date "2021.06.29"]
[Round "7"]
[White "Pompili, Alberto"]
[Black "Gueci, Tea"]
[Result "0-1"]
[WhiteElo "1765"]
[BlackElo "2195"]
[PlyCount "54"]
[EventDate "2021.06.25"]
[EventType "swiss"]
[EventRounds "9"]
[EventCountry "ITA"]
[SourceTitle "CBM 203 Extra"]
[Source "ChessBase"]
[SourceDate "2021.09.30"]
[SourceVersion "1"]
[SourceVersionDate "2021.09.30"]
[SourceQuality "1"]

1. d4 g6 2. Nf3 Bg7 3. Nbd2 d6 4. e4 Nf6 5. Bd3 0-0 6. 0-0 Nc6 7. c3 e5 8. dxe5 Nxe5 9. Nxe5 dxe5 10. Qc2 Qe7 11. Re1 Rd8 12. Bf1 Be6 13. b4 a5 14. a3 Nh5 15. g3 b6 16. Bg2 Qd7 17. Bf1 Qc6 18. Bb2 Nf6 19. c4 Nd7 20. Bc3 a4 21. Qb2 f6 22. h3 Bf7 23. Qc2 g5 24. Bb2 h5 25. Nf3 Bg6 26. Bc1 Nf8 27. Be3 Bxe4 0-1

[Event "Villorba op 1st"]
[Site "Villorba"]
[Date "2021.06.26"]
[Round "2"]
[White "Pompili, Alberto"]
[Black "Dardha, Daniel"]
[Result "0-1"]
[WhiteElo "1765"]
[BlackElo "2503"]
[PlyCount "88"]
[EventDate "2021.06.25"]
[EventType "swiss"]
[EventRounds "9"]
[EventCountry "ITA"]
[SourceTitle "CBM 203 Extra"]
[Source "ChessBase"]
[SourceDate "2021.09.30"]
[SourceVersion "1"]
[SourceVersionDate "2021.09.30"]
[SourceQuality "1"]

1. d4 Nf6 2. Nf3 b6 3. e3 Bb7 4. Bd3 g6 5. b3 Bg7 6. Bb2 0-0 7. Nbd2 c5 8. 0-0 Nc6 9. c3 d5 10. Qe2 Qc7 11. Rac1 e5 12. Nxe5 Nxe5 13. dxe5 Qxe5 14. Nf3 Qe7 15. Ba6 Bxa6 16. Qxa6 Ne4 17. Rfd1 Rfd8 18. Qe2 Qe6 19. Qc2 c4 20. bxc4 dxc4 21. Rxd8+ Rxd8 22. Nd4 Qd5 23. Ba3 Bf8 24. Bxf8 Kxf8 25. Rb1 Nc5 26. h3 Kg7 27. Rb5 Rd6 28. Qe2 a6 29. Rb4 b5 30. Rb1 Qe4 31. Rd1 Nd3 32. Rf1 h5 33. Qd2 h4 34. Qe2 Rd5 35. Qf3 Qxf3 36. Nxf3 b4 37. cxb4 c3 38. Nd4 Rxd4 39. exd4 c2 40. a3 Kf6 41. Ra1 Ke6 42. Kf1 c1Q+ 43. Rxc1 Nxc1 44. Ke1 Nb3 0-1

[Event "Villorba op 1st"]
[Site "Villorba"]
[Date "2021.06.26"]
[Round "3"]
[White "Weber, Samuel"]
[Black "Pompili, Alberto"]
[Result "1-0"]
[WhiteElo "2288"]
[BlackElo "1765"]
[PlyCount "71"]
[EventDate "2021.06.25"]
[EventType "swiss"]
[EventRounds "9"]
[EventCountry "ITA"]
[SourceTitle "CBM 203 Extra"]
[Source "ChessBase"]
[SourceDate "2021.09.30"]
[SourceVersion "1"]
[SourceVersionDate "2021.09.30"]
[SourceQuality "1"]

1. e4 e6 2. d3 d5 3. Nd2 c5 4. Ngf3 Nc6 5. g3 Nf6 6. Bg2 d4 7. a4 e5 8. Nc4 Qc7 9. 0-0 Be7 10. h3 0-0 11. Ne1 Be6 12. f4 Bxc4 13. dxc4 Bd6 14. Nd3 Rae8 15. f5 Rb8 16. g4 Ne8 17. g5 g6 18. h4 f6 19. Qg4 Qf7 20. Bd2 Be7 21. b3 Ng7 22. gxf6 Qxf6 23. Bg5 Qd6 24. Rf2 Rf7 25. Raf1 Rbf8 26. Bh3 b6 27. Qe2 Kh8 28. Kh1 gxf5 29. exf5 Bf6 30. Qe4 Re7 31. Rg2 Nb4 32. Nf2 Ref7 33. Rfg1 Nh5 34. Qg4 Nf4 35. Bxf6+ Qxf6 36. Qg8+ 1-0

[Event "Mogliano Veneto op-B 34th"]
[Site "Mogliano Veneto"]
[Date "2013.04.28"]
[Round "6"]
[White "Marchetti, Roberto"]
[Black "Pompili, Alberto"]
[Result "1/2-1/2"]
[WhiteElo "1758"]
[BlackElo "1803"]
[PlyCount "60"]
[EventDate "2013.04.25"]
[EventType "swiss"]
[EventRounds "6"]
[EventCountry "ITA"]
[SourceTitle "EXT 2015"]
[Source "ChessBase"]
[SourceDate "2014.11.20"]
[SourceVersion "1"]
[SourceVersionDate "2014.11.20"]
[SourceQuality "1"]

1. e4 e6 2. d4 d5 3. Nd2 dxe4 4. Nxe4 Nd7 5. Nf3 Ngf6 6. Ng3 c5 7. c3 cxd4 8. Nxd4 a6 9. Be2 Qc7 10. 0-0 Bd6 11. Bf3 Ne5 12. Re1 Nxf3+ 13. Qxf3 0-0 14. Nde2 Bd7 15. h3 Bc6 16. Qd3 Rad8 17. Qc2 Rfe8 18. Bg5 Be7 19. Nd4 Bd7 20. Ne4 Nxe4 21. Bxe7 Rxe7 22. Qxe4 Ree8 23. Re3 Bc8 24. Rg3 f6 25. Re1 Qf7 26. a3 e5 27. Nf5 Bxf5 28. Qxf5 Re7 29. Rd3 Rxd3 30. Qxd3 Rd7 1/2-1/2

[Event "Mogliano Veneto op-B 34th"]
[Site "Mogliano Veneto"]
[Date "2013.04.25"]
[Round "1"]
[White "Simonetto, Andrea"]
[Black "Pompili, Alberto"]
[Result "1-0"]
[WhiteElo "1637"]
[BlackElo "1803"]
[PlyCount "72"]
[EventDate "2013.04.25"]
[EventType "swiss"]
[EventRounds "6"]
[EventCountry "ITA"]
[SourceTitle "EXT 2015"]
[Source "ChessBase"]
[SourceDate "2014.11.20"]
[SourceVersion "1"]
[SourceVersionDate "2014.11.20"]
[SourceQuality "1"]

1. d4 e6 2. c4 Nf6 3. Nc3 d5 4. cxd5 exd5 5. Bg5 c6 6. Qc2 Be7 7. e3 Be6 8. Bd3 Nbd7 9. Nf3 h6 10. Bh4 Nh5 11. Bxe7 Qxe7 12. Rc1 Bg4 13. a3 Nhf6 14. h3 Be6 15. Nd2 0-0 16. g4 Rfd8 17. Ke2 Nf8 18. Rcg1 Ne8 19. f4 f6 20. h4 Qd7 21. g5 Bg4+ 22. Nf3 h5 23. Kf2 Kf7 24. Nh2 f5 25. Nxg4 fxg4 26. Bf5 Qe7 27. Bxg4 hxg4 28. Rxg4 Nd6 29. f5 Ke8 30. Rf4 Kd7 31. Rg1 Re8 32. Rg3 Rad8 33. f6 gxf6 34. gxf6 Qe6 35. h5 Kc8 36. h6 Rd7 1-0

[Event "Mogliano Veneto op-B 31st"]
[Site "Mogliano Veneto"]
[Date "2010.05.02"]
[Round "4"]
[White "Mumelter, Igor"]
[Black "Pompili, Alberto"]
[Result "1/2-1/2"]
[WhiteElo "1856"]
[BlackElo "1849"]
[PlyCount "67"]
[EventDate "2010.04.30"]
[EventType "swiss"]
[EventRounds "5"]
[EventCountry "ITA"]
[SourceTitle "EXT 2023"]
[Source "ChessBase"]
[SourceDate "2022.10.05"]
[SourceVersion "1"]
[SourceVersionDate "2022.10.05"]
[SourceQuality "1"]

1. e4 e6 2. d3 d5 3. Nd2 Bd6 4. Ngf3 Nd7 5. Qe2 Be7 6. g3 c6 7. Bg2 Qc7 8. 0-0 Nf8 9. Re1 Nf6 10. Nf1 dxe4 11. dxe4 e5 12. Nh4 g6 13. Ne3 Be6 14. Bd2 N6d7 15. Bc3 Rg8 16. Nf3 f6 17. b3 Bf7 18. a4 Ne6 19. Red1 Ng7 20. Ng4 Be6 21. Ne3 0-0-0 22. Nc4 Nb6 23. Ne3 Kb8 24. a5 Nc8 25. a6 b6 26. Nd2 Ne8 27. Bb2 Ned6 28. c4 Nf7 29. Rdc1 Bb4 30. Nf3 Bc5 31. Rd1 Rxd1+ 32. Rxd1 Rd8 33. Nc2 Rxd1+ 34. Qxd1 1/2-1/2

[Event "Mogliano Veneto op-B 31st"]
[Site "Mogliano Veneto"]
[Date "2010.05.01"]
[Round "3"]
[White "Pompili, Alberto"]
[Black "Chiesa, Roberto"]
[Result "1/2-1/2"]
[WhiteElo "1849"]
[BlackElo "1803"]
[PlyCount "62"]
[EventDate "2010.04.30"]
[EventType "swiss"]
[EventRounds "5"]
[EventCountry "ITA"]
[SourceTitle "EXT 2023"]
[Source "ChessBase"]
[SourceDate "2022.10.05"]
[SourceVersion "1"]
[SourceVersionDate "2022.10.05"]
[SourceQuality "1"]

1. d4 e6 2. Nf3 b6 3. e4 Bb7 4. Bd3 c5 5. c3 Nf6 6. Qe2 d5 7. e5 Nfd7 8. 0-0 Nc6 9. a3 Be7 10. Bf4 Rc8 11. Nbd2 cxd4 12. cxd4 0-0 13. Rfe1 Re8 14. Qe3 Nf8 15. h3 f6 16. Rad1 a5 17. Bb1 Ba6 18. exf6 Bxf6 19. Be5 Bxe5 20. Nxe5 Nxe5 21. dxe5 Nd7 22. Nf3 Rc5 23. Ng5 Nf8 24. Rd4 h6 25. Nf3 Rc4 26. Red1 Re7 27. Rxc4 Bxc4 28. Rd4 Qc7 29. Rg4 Kh8 30. Nh4 Bb5 31. Rd4 Be8 1/2-1/2

[Event "Noale Szabados Memorial-B 3rd"]
[Site "Noale"]
[Date "2010.02.07"]
[Round "5"]
[White "Pompili, Alberto"]
[Black "Kove, Sotir"]
[Result "1/2-1/2"]
[WhiteElo "1852"]
[BlackElo "1515"]
[PlyCount "66"]
[EventDate "2010.02.05"]
[EventType "swiss"]
[EventRounds "5"]
[EventCountry "ITA"]
[SourceTitle "EXT 2022"]
[Source "ChessBase"]
[SourceDate "2021.10.06"]
[SourceVersion "1"]
[SourceVersionDate "2021.10.06"]
[SourceQuality "1"]

1. d4 d5 2. Nf3 Nf6 3. e3 e6 4. Nbd2 c5 5. c3 Nc6 6. Bd3 c4 7. Bc2 Bd7 8. e4 dxe4 9. Nxe4 Nxe4 10. Bxe4 Be7 11. 0-0 0-0 12. Bf4 g6 13. Qe2 Bf6 14. Qxc4 a6 15. Rfe1 Na5 16. Qe2 Bb5 17. Bd3 Bxd3 18. Qxd3 Nc6 19. Rad1 Ne7 20. Ne5 Nd5 21. Bh6 Bg7 22. Bxg7 Kxg7 23. a3 b5 24. Qg3 Nf6 25. Qh3 Qd5 26. Qe3 Rac8 27. Qe2 Rfd8 28. h3 Rc7 29. Ng4 Nxg4 30. hxg4 Rcd7 31. Qe5+ Kg8 32. Qxd5 Rxd5 33. Rc1 Rc8 1/2-1/2

[Event "Chioggia op-A 04th"]
[Site "Chioggia"]
[Date "2009.10.11"]
[Round "5"]
[White "Tomio, Dante"]
[Black "Pompili, Alberto"]
[Result "1/2-1/2"]
[WhiteElo "2026"]
[BlackElo "1831"]
[PlyCount "141"]
[EventDate "2009.10.09"]
[EventType "swiss"]
[EventRounds "5"]
[EventCountry "ITA"]
[SourceTitle "EXT 2022"]
[Source "ChessBase"]
[SourceDate "2021.10.06"]
[SourceVersion "1"]
[SourceVersionDate "2021.10.06"]
[SourceQuality "1"]

1. d4 e6 2. Nf3 d5 3. c3 Nf6 4. Bg5 Nbd7 5. e3 Be7 6. Bd3 h6 7. Bf4 c5 8. Nbd2 0-0 9. Ne5 Nxe5 10. dxe5 Ne8 11. Qg4 Bg5 12. h4 Bxf4 13. Qxf4 f5 14. Rh3 Qe7 15. Rg3 Kh8 16. Rg6 Bd7 17. Nf3 Nc7 18. h5 Be8 19. Nh4 Kh7 20. Qg3 c4 21. Bc2 Na6 22. Rd1 Nc5 23. f3 Bxg6 24. Nxg6 Qg5 25. Qxg5 hxg5 26. Nxf8+ Rxf8 27. g4 Nd3+ 28. Bxd3 cxd3 29. Rxd3 fxg4 30. fxg4 Rf3 31. Kd2 Rg3 32. Rd4 Rg2+ 33. Kd3 Rxb2 34. e4 dxe4+ 35. Kxe4 Rxa2 36. Rd7 Ra4+ 37. Rd4 Ra2 38. Rd6 Re2+ 39. Kd4 Rg2 40. Rxe6 Rxg4+ 41. Kd5 Rg3 42. c4 a5 43. Rb6 a4 44. Rxb7 a3 45. Ra7 g4 46. e6 Re3 47. e7 Kh6 48. c5 Kxh5 49. Kd6 Rd3+ 50. Ke6 Re3+ 51. Kf7 Rf3+ 52. Kxg7 Re3 53. Kf7 Rf3+ 54. Ke6 Re3+ 55. Kd5 Kg6 56. Rxa3 Rxe7 57. c6 Kg5 58. Kd6 Rg7 59. Rc3 Rg8 60. c7 Rc8 61. Ke5 Kh4 62. Kd4 g3 63. Rc6 Rf8 64. Ke4 Rc8 65. Kf3 Rf8+ 66. Kg2 Rc8 67. Rc4+ Kg5 68. Rc6 Kf5 69. Kxg3 Ke5 70. Kf3 Kd5 71. Rc1 1/2-1/2

[Event "Chioggia op-A 04th"]
[Site "Chioggia"]
[Date "2009.10.10"]
[Round "3"]
[White "Pompili, Alberto"]
[Black "Sorbera, Giovanni"]
[Result "1-0"]
[WhiteElo "1831"]
[BlackElo "1951"]
[PlyCount "102"]
[EventDate "2009.10.09"]
[EventType "swiss"]
[EventRounds "5"]
[EventCountry "ITA"]
[SourceTitle "EXT 2022"]
[Source "ChessBase"]
[SourceDate "2021.10.06"]
[SourceVersion "1"]
[SourceVersionDate "2021.10.06"]
[SourceQuality "1"]

1. d4 Nf6 2. Nf3 g6 3. Nbd2 d5 4. e3 Bg7 5. Be2 0-0 6. 0-0 c5 7. c3 cxd4 8. exd4 Nc6 9. Bd3 Re8 10. Re1 Qc7 11. Qc2 Bg4 12. h3 Bd7 13. Ne5 Rac8 14. Ndf3 Rf8 15. Qe2 e6 16. Bf4 Nh5 17. Bh2 Nxe5 18. Nxe5 Bxe5 19. Bxe5 Qd8 20. g4 Ng7 21. Qe3 f6 22. Bg3 Kf7 23. h4 e5 24. dxe5 Bxg4 25. exf6 Qxf6 26. Qxa7 Nh5 27. Qxb7+ Kg8 28. Qxd5+ Rf7 29. Qd4 Qxd4 30. cxd4 Kg7 31. Be5+ Kh6 32. Rac1 Rcf8 33. Rc2 Be6 34. b3 Rf3 35. Bf1 Bf5 36. Rd2 Nf4 37. Re3 Rxe3 38. fxe3 Nd5 39. Bf4+ Nxf4 40. exf4 Kh5 41. d5 Kxh4 42. d6 Kg3 43. Rd4 h5 44. d7 Rd8 45. Bb5 h4 46. b4 h3 47. Bc6 Bb1 48. a4 Bc2 49. a5 g5 50. fxg5 h2+ 51. Kh1 Rf8 1-0